Samasta lokah sukhino bhavantu / (Record no. 40464)

MARC details
000 -LEADER
fixed length control field 00662nam a22001817a 4500
005 - DATE AND TIME OF LATEST TRANSACTION
control field 20100809163210.0
010 ## - LCCN (DPL NO)
LC control number ENG-99104
020 ## - INTERNATIONAL STANDARD BOOK NUMBER
International Standard Book Number 9788172085971
Terms of availability 25.00
035 ## - SYSTEM CONTROL NUMBER
System control number EN-82636
037 ## - SOURCE OF ACQUISITION
Source of stock number/acquisition DBAD/PUB
082 ## - DEWEY DECIMAL CLASSIFICATION NUMBER
Classification number 181.498
245 ## - TITLE STATEMENT
Title Samasta lokah sukhino bhavantu /
260 ## - PUBLICATION, DISTRIBUTION, ETC. (IMPRINT)
Place of publication, distribution, etc Andhra Pradadesh
Name of publisher, distributor, etc The Convener,Sri Sathya Sai Books & Publications Trust Prasanthi Nilayam
Date of publication, distribution, etc 2008
270 ## - ADDRESS
City Prasanthi Nilayam
Postal code 515134
300 ## - PHYSICAL DESCRIPTION
Extent 130p.
Dimensions 20cm (pbk)
942 ## - ADDED ENTRY ELEMENTS (KOHA)
Source of classification or shelving scheme Dewey Decimal Classification
Item type English Books
Classification part 181.498
Call number suffix SAM
Holdings
Withdrawn status Lost status Not for loan Collection code Home library Current library Date acquired Source of acquisition Cost, normal purchase price Full call number Barcode Copy number Cost, replacement price Koha item type
    Not For Loan Non-fiction D.B.Act.Division D.B.Act.Division 09/08/2010 DBAD / PUB 25.00 181.498SAM EN-82636 1 25.00 English Books

© Delhi Public Library
Hit Counter
free hit counter